000 00485nam a22001817a 4500
003 OSt
005 20180116183045.0
008 160506b xxu||||| |||| 00| 0 eng d
020 _a9789695623718
040 _c0
082 _a891.43915 MAL 2015
100 _aDr. Nadeem Shafiq Malik
245 _aIqbal Day
_bCelebrations Abroad (1948-2000)
_cDr. Nadeem Shafiq Malik
260 _aLahore
_bFiction House
_c2015
300 _a288 p.
_bHB
440 _aIqbal Day
942 _2ddc
_cBK
999 _c351385
_d351385